[Event "Sochi FIDE GP"]
[Site "Sochi"]
[Date "2008.08.12"]
[Round "11"]
[White "Navara, David"]
[Black "Grischuk, Alexander"]
[Result "1/2-1/2"]
[WhiteElo "2646"]
[BlackElo "2728"]
[Annotator "Kritz,L"]
[PlyCount "109"]
[EventDate "2008.07.31"]
[EventType "tourn"]
[EventRounds "13"]
[EventCountry "RUS"]
[EventCategory "19"]
[SourceTitle "CBM 126"]
[Source "ChessBase"]
[SourceDate "2008.10.01"]
[SourceVersion "1"]
[SourceVersionDate "2008.10.01"]
[SourceQuality "1"]

1. e4 c5 2. Nf3 e6 3. d4 cxd4 4. Nxd4 a6 5. Nc3 ({Die andere Spielweise gegen
Paulsen ohne Nc6 ist 5.Bd3:} 5. Bd3 Bc5 6. Nb3 Be7 (6... Ba7 7. Qe2 Nc6 8. O-O
d6 9. Be3 Bxe3 10. Qxe3 Nf6 11. c4 $14) 7. Qg4 g6 8. Qe2 d6 9. O-O {führt zu
sehr komplexen, scharfen Igelstellungen.}) 5... Qc7 6. Bd3 Nf6 7. O-O Bc5 (7...
Nc6 {Das Problem dieses Zuges ist, dass Weiß nehmen kann:} 8. Nxc6 dxc6 (8...
bxc6 9. Qe2 d5 10. b3 Be7 11. Bb2 $14) 9. f4 $14) 8. Nb3 Be7 9. f4 d6 10. a4 (
10. Qe2 {ist die traditionelle Spielweise, wenn man im Zentrum und am
Königsflügel spielen will.} b5 11. Bd2 Bb7 12. Rae1 Nbd7 13. Kh1 O-O $132)
10... Nc6 11. a5 (11. Be3 {Damit will Weiß nach 12.a5 das Feld b6 unter
Kontrolle nehmen.} b6 $1 {Schwarz muss a5 verhindern.} (11... O-O 12. a5 Bd7
13. Bb6 Qb8 14. Qe2 $14) 12. Qf3 Bb7 13. Rae1 Nb4 14. Qh3 (14. Qg3 h5 15. h3 g6
16. Nd4 h4 17. Qf2 Nd7 18. Nf3 Nc5 19. Rd1 O-O-O $132 {Cubas - Avrukh (Turin,
2006)}) 14... g6 15. Kh1 Rd8 16. Bd4 e5 17. Be3 O-O 18. Nd2 exf4 19. Bxf4 Bc8
20. Qf3 Bg4 $132 {Efimenko - Kuzmin (Kramatorsk, 2003)}) 11... b5 $1 {Wieder
soll Schwarz nicht zulassen, dass Weiß die Kontrolle über das Feld b6 bekommt.}
12. axb6 Qxb6+ 13. Kh1 O-O 14. Qe2 (14. Qf3 Nb4 15. Be3 Qc7 16. Bd4 Bb7 17. Na5
Rab8 18. Nxb7 Qxb7 19. Qh3 h6 20. Qg3 {1/2-1/2 Ponomariov - Ivanchuk (Sochi,
2006)}) 14... Nb4 {Schwarz greift den Läufer schon mal an, wartet jedoch mit
dem Nehmen so lange es geht. Durch das ständig mögliche Nxd3 verliert ein
weißer Angriff am Königsflügel seine Stärke, so dass Weiß am Damenflügel
spielen muss.} 15. Be3 (15. Na5 Nxd3 16. cxd3 Bd7 17. Qe3 Qb4 18. Bd2 Qb8 19.
b4 Rc8 20. Nc4 d5 21. exd5 exd5 22. Qxe7 dxc4 23. Ne4 Nxe4 24. dxe4 c3 25. Bxc3
Rxc3 26. Qxd7 Qxb4 $11 {Delchev - Galego (Andorra la Vella, 2006)}) 15... Qb8 (
15... Qc7 $5 16. Nb5 $1 {Weiß entwickelt eine starke Initiative!} (16. Ra4 Rb8
17. Rfa1 Bd7 $132) 16... Qb8 17. Nxd6 Bxd6 18. e5 Bxe5 19. fxe5 Qxe5 20. Ra5
$36) 16. Na5 Qc7 (16... Bd7 17. Nc4 Nxd3 18. Qxd3 Bb5 19. Nxb5 axb5 20. Nb6
Rxa1 21. Rxa1 Qb7 22. Qxb5 Qxe4 $15 {Panjwani - Arencibia (Kitchener, 2006)})
17. Bf2 {Auf diese Art bereitet Weiß eventuell den Vorstoß e5 vor.} (17. Nc4 d5
18. exd5 Nbxd5 19. Nxd5 Nxd5 $11) 17... Bd7 18. Bc4 $6 (18. e5 {Momentan
bringt es nichts:} dxe5 19. fxe5 Nfd5 $11) (18. Nc4 $5 d5 19. exd5 Nbxd5 20.
Qe5 $5 {Die taktischen Abwicklungen enden mit einem remislichen Endspiel:} Qxe5
21. fxe5 Ng4 22. Nxd5 exd5 23. Nb6 Nxf2+ 24. Rxf2 Bc5 25. Nxd7 Bxf2 26. Nxf8
Kxf8 27. Rxa6 Rxa6 28. Bxa6 Bd4 $11) 18... Bb5 $1 {Schwarz übernimmt die
Initiative!} 19. Rfc1 (19. Bxb5 axb5 20. Qxb5 (20. Nxb5 Qxc2 21. Qxc2 Nxc2 22.
Nc6 (22. Ra2 Nxe4 $17) 22... Rxa1 23. Rxa1 Nxa1 24. Nxe7+ Kh8 25. Nxd6 Nb3 $15)
20... Nxc2 21. Ra4 Rfb8 $36) (19. Nxb5 $4 axb5 20. Bxb5 Rxa5 $19) 19... Bxc4 (
19... d5 $1 {wäre stärker gewesen.} 20. exd5 (20. Bxb5 axb5 21. Nxb5 Qxf4 $15)
20... Nbxd5 21. Nxd5 (21. Nxb5 axb5 22. Bxd5 Nxd5 23. Qxb5 Qxf4 $15) 21... Nxd5
22. Bxb5 axb5 23. Qxb5 Qxf4 $15 {Die schwarzen Figuren sind besser platziert,
die weißen Bauern kommen nicht zum Rennen.}) 20. Qxc4 Qb8 (20... Qxc4 21. Nxc4
Rfd8 $11) 21. Qe2 Rc8 22. Nc4 (22. f5 $5 exf5 23. exf5 Re8 24. Qf3 d5 $132)
22... Nd7 23. Bd4 Qc7 24. b3 Nc6 25. Bf2 Bf6 26. Qd2 Ne7 (26... d5 $5 27. exd5
Bxc3 28. Qxc3 exd5 29. Na5 Nf6 $11) 27. Rd1 Bxc3 (27... d5 28. e5 $1 dxc4 29.
Qxd7 cxb3 30. exf6 $16) 28. Qxc3 d5 29. exd5 exd5 (29... Nxd5 30. Qf3 g6 (30...
Qxf4 $4 31. Qxf4 Nxf4 32. Rxd7 $18) 31. Ra5 $14) 30. Qb4 Nf6 31. Bb6 (31. Nb6
Rab8 32. Qa5 (32. Rxa6 $2 Qxc2 $15) 32... Re8 33. Qc5 Qb7 $11) 31... Qxf4 32.
Qxe7 dxc4 33. Rxa6 {Die Stellung war die ganze Zeit ungefähr gleich und sie
bleibt in dem Bereich. Die taktischen Tricks bringen nicht viel.} Rab8 (33...
h5 $5 34. Rxa8 Rxa8 35. bxc4 Qxc4 36. Rd8+ Rxd8 37. Qxd8+ Kh7 38. Qd3+ Qxd3 39.
cxd3 $11) 34. Ba7 (34. Ra7 Rf8 $11) 34... Qg4 35. Rad6 Re8 36. Rd8 Qxd1+ 37.
Rxd1 Rxe7 38. Bxb8 cxb3 39. cxb3 $11 {Der entfernte freie Bauer bedeutet eher
einen symbolischen Vorteil. Schwarz hat genug Zeit, um seinen König ins Spiel
zu bringen.} h6 40. b4 Rb7 41. Bd6 Ne4 42. Bc5 Nxc5 43. bxc5 Kf8 44. Kg1 Rc7
45. Rc1 Ke7 46. Kf2 Ke6 47. Rc3 Kd5 48. Rg3 g6 49. Rd3+ Kxc5 50. h4 Kc6 51. h5
Rd7 52. Rh3 gxh5 53. Rxh5 Kd6 54. g4 Ke7 55. Rxh6 1/2-1/2

[Event "Sochi FIDE GP"]
[Site "Sochi"]
[Date "2008.08.14"]
[Round "13"]
[White "Aronian, Levon"]
[Black "Grischuk, Alexander"]
[Result "1-0"]
[WhiteElo "2737"]
[BlackElo "2728"]
[Annotator "Aronian,L"]
[PlyCount "83"]
[EventDate "2008.07.31"]
[EventType "tourn"]
[EventRounds "13"]
[EventCountry "RUS"]
[EventCategory "19"]
[SourceTitle "CBM 126"]
[Source "ChessBase"]
[SourceDate "2008.10.01"]
[SourceVersion "1"]
[SourceVersionDate "2008.10.01"]
[SourceQuality "1"]

1. d4 {This game was played in the last round. Being half a point clear of the
field, I was feeling in an excellent mood. Adding in the fact that I have in
recent times had an excellent score with white against Grischuk, I did not
fear any sort of reverse.} d5 {Really, a Slav? Having spent a whole
pre-tournament training session on the Slav, I had been counting on my
opponent being cunning enough to chosee some other line.} 2. c4 c6 {Yes!} 3.
Nc3 Nf6 4. e3 {Given that after 4.Nf3, Sasha plays 4...dxc4, whereas I had
decided on playing a Meran, the text is the most accurate move-order.} e6 5.
Nf3 Nbd7 6. Bd3 {Sasha admitted after the game that he had not expected such
treachery. Previously, I have always played 6.Qc2.} dxc4 7. Bxc4 b5 8. Bd3 Bb7
9. O-O b4 {A rare move. The usual choice is 9...a6, but it turned out that
Sasha had showed this to my friend Vova Potkin, something about which he was
now not so happy.} 10. Ne4 Nxe4 11. Bxe4 Bd6 12. a3 {Not having looked at this
line at all, I decided to transpose to the line 9.a3.} bxa3 13. b3 {Given that
the greatest theretician of our galaxy, Kramnik, recently played 13.Nd2 here,
the text must be considered old-fashioned.} Nf6 14. Nd2 Qc7 {This is what
Kramnik played against Topalov at Elista.} ({As I anticipated, an active
player such as my opponent did not go for the line} 14... Nxe4 15. Nxe4 Bxh2+
16. Kxh2 Qh4+ 17. Kg1 Qxe4 18. f3) 15. Bf3 {It is always nice to play such an
unhurried move.} Bxh2+ 16. Kh1 Bd6 17. Nc4 Be7 18. Bxa3 O-O {During the game,
I was convinced that Kramnik had first taken on a3 and only then castled and
played Qe7. Without thinking too long, I decided to take advantage of my
opponent's originality. Great was my surprise when, some time later, I
discovered that it had been I who had first deviated from theory.} 19. Bc5 {
This excellent move gives Black some problems.} Rfd8 {While my opponent had a
long think, I realised the advantage of not having a pawn on h2 - one does not
need to waste a tempo making luft for the king!} 20. b4 {Here I had a choice:
the simple 20.Qc2 was probably better than the move played in the game, but I
wanted to regain the pawn.} Bxc5 {In this way, Black activates the Bb7. Other
continuations are more passive.} 21. bxc5 a5 22. Re1 ({I did not like} 22. Qc1
{because of the possibility} Ba6 23. Rxa5 Bxc4 24. Rxa8 Rxa8 25. Qxc4 g5 {
with good play for Black.}) 22... Ba6 {The only move. Black faced the threat
of e4, and the establishment of the knight on d6.} 23. Nb6 Rab8 {A strange
move.} ({I considered the correct move to be} 23... Ra7 24. Rxa5 Bb5 25. Rxa7
Qxa7 26. Qa1 {with a slightly worse, but very solid position for Black.}) 24.
Rxa5 Bb5 25. Qa1 Nd5 {This is all very natural of course.} 26. Ra7 Rb7 27. Rxb7
Qxb7 28. Qa5 {I was pleased with this nice tactic. Now on 28...Nxb6 there is
29.Qxb5.} Qe7 (28... Nxb6 29. Qxb5) 29. Ra1 Qg5 {A trappy, but poor move.
Black threatens the e3-pawn, but this is completely unimportant.} ({A bad
endgame resulted from} 29... Nc7 30. Qa7 e5 31. d5 cxd5 32. Nxd5 Nxd5 33. Bxd5)
({, but after} 29... g6 {it is not easy for White to break through, since the
ending after} 30. Qa7 Qxa7 31. Rxa7 Nxb6 32. cxb6 Rb8 33. b7 Kg7 {is not
dangerous.}) 30. Nxd5 {The product of laziness. Ideally, I should have brought
the queen back first, and only then thought about exchanges, but I did not
want to have to calculate too many variations.} exd5 31. Qc7 g6 {A decisive
mistake, which I failed to exploit. The only way to continue the fight was by
31...Rf8.} 32. Ra7 {Played mechanically and weakly.} (32. Bg4 {with similar
ideas to the game, wins.}) 32... Qf6 {Mutual blindness.} ({After} 32... Rf8 {
I would have been forced to find more complicated ways to strengthen the
position.}) 33. Bg4 {At last. It is hard to stop Bd7, winning a pawn.} Re8 34.
Kg1 ({Of course not} 34. Bd7 {because} Qxf2 {with perpetual check.}) 34... Kg7
35. Bd7 Re7 ({More stubborn was} 35... Rf8 {, but after} 36. Qe5 Qxe5 37. dxe5
{his passivity should prove fatal to Black.}) 36. Qd8 {The rest is easy.} h5 ({
On} 36... Re4 {White of course plays} 37. Qb8 {and then Ra8.}) 37. Ra8 {
The rest does not require any commentary.} Kh6 38. Rc8 Kh7 39. Bxc6 Bxc6 40.
Rxc6 Qxc6 41. Qxe7 Kg7 42. Kh2 (42. Kh2 {On} Kg8 {the simplest is} 43. Qd8+ Kg7
44. Qb6 {and a new queen soon appears.}) 1-0

[Event "EU-Cup 24th"]
[Site "Kallithea"]
[Date "2008.10.17"]
[Round "1"]
[White "Grischuk, Alexander"]
[Black "Fiebig, Thomas"]
[Result "1/2-1/2"]
[WhiteElo "2719"]
[BlackElo "2401"]
[PlyCount "139"]
[EventDate "2008.10.17"]
[EventType "team-swiss"]
[EventRounds "7"]
[EventCountry "GRE"]
[SourceTitle "CBM 127"]
[Source "ChessBase"]
[SourceDate "2008.11.13"]
[SourceVersion "1"]
[SourceVersionDate "2008.11.13"]
[SourceQuality "1"]
[WhiteTeam "Ural Sverdlovskaya"]
[BlackTeam "Eupen Rochade"]
[WhiteTeamCountry "RUS"]
[BlackTeamCountry "BEL"]

1. c4 e6 2. d4 d5 3. Nc3 c6 4. e3 Nf6 5. Nf3 Nbd7 6. Bd3 dxc4 7. Bxc4 b5 8. Bd3
Bb7 9. a3 a5 10. e4 b4 11. Na4 c5 12. e5 Nd5 13. O-O cxd4 14. Nxd4 Nxe5 15.
Bb5+ Nd7 16. Qh5 N5f6 17. Qe2 Be7 18. Rd1 O-O 19. Bg5 Nd5 20. Nxe6 fxe6 21.
Qxe6+ Rf7 22. Rxd5 Bxd5 23. Qxd5 Bxg5 24. Bxd7 Bf6 25. Rd1 Rb8 26. Nc5 Bxb2 27.
axb4 axb4 28. Qb3 Bc3 29. Be6 Qe7 30. Ne4 Kf8 31. g3 Ra8 32. h4 h6 33. Qd5 Ra7
34. Bxf7 Qxf7 35. Qc5+ Kg8 36. Rd8+ Kh7 37. Rf8 Ra1+ 38. Kh2 Qe6 39. Nxc3 bxc3
40. Qxc3 Re1 41. Rf7 Qe5 42. Qd3+ Qe4 43. Qxe4+ Rxe4 44. h5 Kg8 45. Ra7 Re5 46.
g4 Rb5 47. Kg3 Rb4 48. f3 Rc4 49. Re7 Ra4 50. Kf2 Ra3 51. Ke2 Kf8 52. Rd7 Ra6
53. Ke3 Re6+ 54. Kf4 Rf6+ 55. Kg3 Ra6 56. Rd3 Kf7 57. f4 Kf6 58. Kf3 Rb6 59.
Rd4 Ra6 60. Rd5 Ra3+ 61. Ke4 Ra4+ 62. Rd4 Ra6 63. Rc4 Re6+ 64. Kd5 Re1 65. Rc6+
Kf7 66. Kd4 Rg1 67. Rg6 Re1 68. Kd3 Ra1 69. Ke4 Ra4+ 70. Kf3 1/2-1/2

[Event "EU-Cup 24th"]
[Site "Kallithea"]
[Date "2008.10.18"]
[Round "2"]
[White "Devereaux, Maxim"]
[Black "Grischuk, Alexander"]
[Result "0-1"]
[WhiteElo "2415"]
[BlackElo "2719"]
[PlyCount "148"]
[EventDate "2008.10.17"]
[EventType "team-swiss"]
[EventRounds "7"]
[EventCountry "GRE"]
[SourceTitle "CBM 127"]
[Source "ChessBase"]
[SourceDate "2008.11.13"]
[SourceVersion "1"]
[SourceVersionDate "2008.11.13"]
[SourceQuality "1"]
[WhiteTeam "Barbican"]
[BlackTeam "Ural Sverdlovskaya"]
[WhiteTeamCountry "ENG"]
[BlackTeamCountry "RUS"]

1. Nf3 Nf6 2. d4 e6 3. g3 c5 4. Bg2 cxd4 5. Nxd4 a6 6. O-O Qc7 7. Nc3 Nc6 8.
Nxc6 bxc6 9. Na4 Bb7 10. c4 c5 11. Bf4 d6 12. Bxb7 Qxb7 13. Nc3 Be7 14. Qa4+
Kf8 15. Rfd1 Rd8 16. Qb3 Qc6 17. Rd3 h6 18. Rad1 g5 19. Be5 Kg7 20. Bxf6+ Bxf6
21. Qa4 Qb7 22. Qc2 Be7 23. Na4 Qc6 24. Qc3+ Bf6 25. Qa5 Qe4 26. Nxc5 dxc5 27.
Rxd8 Rxd8 28. Rxd8 Bxd8 29. Qxd8 Qxc4 30. Qa5 Qxe2 31. Qc3+ e5 32. Qxc5 Qxb2
33. Qd5 Qd4 34. Qa5 Qd1+ 35. Kg2 Qd6 36. h3 Kf6 37. Kh2 Qc6 38. Qd8+ Kg7 39.
Qd3 a5 40. a3 a4 41. Kg1 Qc5 42. Kg2 Qd4 43. Qb5 Qe4+ 44. Kg1 h5 45. Qc5 Qd4
46. Qe7 Kg6 47. Qf8 Qd1+ 48. Kh2 Qd4 49. Kg1 h4 50. Qg8+ Kf6 51. Qh8+ Kg6 52.
Qg8+ Kf6 53. Qh8+ Ke7 54. Qg7 Qd1+ 55. Kg2 Qd5+ 56. Kg1 e4 57. gxh4 Qd1+ 58.
Kh2 Qd6+ 59. Kh1 gxh4 60. Qg5+ Qf6 61. Qc5+ Ke6 62. Qc6+ Ke5 63. Qb5+ Kf4 64.
Qxa4 Kf3 65. Qa7 Qa1+ 66. Kh2 Qe5+ 67. Kh1 Qf4 68. a4 Ke2 69. Kg1 Qg5+ 70. Kh2
Kf1 71. Qa6+ Kxf2 72. Qb6+ e3 73. Qb2+ e2 74. Qb6+ Kf1 0-1

[Event "Olympiad-38"]
[Site "Dresden"]
[Date "2008.11.21"]
[Round "8"]
[White "Grischuk, Alexander"]
[Black "Nakamura, Hikaru"]
[Result "1-0"]
[WhiteElo "2719"]
[BlackElo "2704"]
[Annotator "Krasenkow,M"]
[PlyCount "151"]
[EventDate "2008.11.13"]
[EventType "team-swiss"]
[EventRounds "11"]
[EventCountry "GER"]
[SourceTitle "CBM 128"]
[Source "ChessBase"]
[SourceDate "2009.01.28"]
[SourceVersion "1"]
[SourceVersionDate "2009.01.28"]
[SourceQuality "1"]
[WhiteTeam "Russia"]
[BlackTeam "US of America"]
[WhiteTeamCountry "RUS"]
[BlackTeamCountry "USA"]

1. d4 Nf6 2. c4 e6 3. Nc3 Bb4 4. Qc2 O-O 5. a3 Bxc3+ 6. Qxc3 b6 7. Bg5 Bb7 8.
e3 d6 9. Ne2 Nbd7 10. Qc2 c5 11. Rd1 Qe7 12. Nc3 Rac8 $6 {This system was
examined in CBM 118, annotations to Eljanov-Najditsch. Here are some recent
examples:} (12... h6 13. Bh4 cxd4 (13... a6 14. dxc5 (14. f3 d5 15. cxd5 exd5
16. Bf2 c4 17. Be2 b5 18. O-O Bc6 19. Rfe1 Rfe8 20. Bf1 Nb6 $13 {0-1 Arun
Prasad,S (2423)-Adhiban,B (2401)/Chennai 2008/CBM 122 Extra (61)}) 14... bxc5
15. f3 Rfd8 16. Be2 Nf8 17. O-O Ng6 18. Bf2 d5 19. Rd2 Rac8 20. Rfd1 Ne5 21.
Bg3 Nxc4 22. Bxc4 dxc4 23. e4 Nh5 24. Ne2 Nxg3 25. hxg3 Rxd2 26. Rxd2 Qg5 27.
Kf2 Bc6 28. Rd6 Qe5 29. Qd2 Kh7 30. Nc3 $14 {1-0 Baburin,A (2526)-Short,P 
(2300)/Dublin IRL 2008/The Week in Chess 714 (54)}) 14. Rxd4 Ne5 (14... Rfc8
15. f3 Ne5 16. Be2 Nc6 17. Rd2 Na5 18. Qa4 d5 19. cxd5 exd5 20. Bf2 Nc4 21.
Bxc4 Rxc4 22. Qb5 Rc5 23. Qa4 Rc4 24. Qb5 Rc5 25. Qa4 Rc4 {1/2 Zhou Jianchao 
(2604)-Meier,G (2556)/Martuni 2008/CBM 125}) (14... Rfd8 15. f3 {-see below 12.
..cxd4} (15. Be2 g5 (15... Nc5 16. O-O e5 17. Rdd1 Qe6 18. f3 g5 19. Bg3 d5 20.
cxd5 Nxd5 21. Nxd5 Bxd5 22. Qc3 f6 23. b4 $16 {1-0 Drozdovskij,Y (2587)
-Kravtsiv,M (2549)/Beijing CHN 2008/The Week in Chess 728 (36)}) 16. Bg3 e5 17.
Rd2 Bxg2 18. Rg1 Bh3 19. f4 exf4 20. exf4 Qe3 21. Bf2 Qxf4 22. Rd4 Bf5 23. Rxf4
Bxc2 24. Bd4 Nh7 $15 {1/2 Golod,V (2586)-Firman,N (2526)/Germany 2007/CBM 123 
(57)}) (15. Qd1 Ne5 16. Bg3 Rd7 17. Nb5 Rad8 18. Nxa7 Ne4 19. Nb5 Nxg3 20. hxg3
d5 $44 {1/2 Kasimdzhanov,R (2690)-Leko,P (2755)/Moscow 2007/EXT 2008 (42)}))
15. Be2 (15. Bxf6 Qxf6 16. Rxd6 Rfd8 17. Nb5 Rxd6 18. Nxd6 Bc6 19. Nb5 Ng4 20.
Nd4 Be4 21. Qe2 Ne5 22. f3 Nd3+ 23. Kd1 Bg6 $40 {0-1 Gladyszev,O (2497)
-Naumkin,I (2494)/Cutro ITA 2008/The Week in Chess 704 (37)}) (15. Qd1 Rfd8 16.
f3 Ng6 17. Bg3 e5 18. Rd2 e4 19. f4 h5 20. h3 h4 21. Bh2 d5 $36 {1-0 Romanchuk,
V (2295)-Oleksienko,M (2592)/Alushta UKR 2008/The Week in Chess 708 (61)})
15... Ng6 (15... Bxg2 $5 16. Rg1 Bc6 17. Rf4 Ned7 {should be checked}) 16. Bxf6
Qxf6 17. O-O Rfd8 18. Rfd1 Rac8 $2 19. Rxd6 Rxd6 20. Rxd6 Nh4 21. e4 Ng6 22.
Qa4 Nf4 23. Bf1 $16 {1-0 Leitao,R (2601)-Tsuboi,E (2334)/Americana BRA 2007/
The Week in Chess 683 (34)}) (12... cxd4 13. Rxd4 Rfd8 (13... e5 14. Rd1 Qe6
15. Nb5 Ne8 16. e4 h6 17. Be3 Nc5 18. f3 Qg6 19. b4 Ne6 20. Qf2 f5 21. exf5
Qxf5 22. Be2 Nf4 23. O-O Rf6 24. Bxf4 Qxf4 25. Bd3 $14 {1-0 Shishkin,V (2543)
-Socko,M (2479)/Polanica Zdroj 2007/CBM 120 ext (54)}) (13... Rac8 $5 14. Nb5
Rc5 15. Bh4 Rh5 16. Qd1 e5 17. Qxh5 exd4 18. Nxd4 Rc8 19. Bd3 Be4 20. Qd1 d5
21. O-O Bxd3 22. Qxd3 dxc4 $11 {1/2 Lysyj,I (2593)-Le Quang,L (2540)/Moscow
2008/CBM 123 (63)}) 14. f3 (14. Qd1 Ne5 15. f3 h6 16. Bh4 Ng6 17. Bf2 d5 18.
cxd5 Nxd5 19. Nxd5 Rxd5 20. Rxd5 Bxd5 21. Be2 Rd8 22. Qa4 Qf6 $132 {1/2
Drozdovskij,Y (2581)-Karpov,A (2655)/Odessa UKR 2008/The Week in Chess 708 (27)
}) 14... h6 (14... Nf8 15. Be2 h6 16. Bxf6 Qxf6 17. O-O Qe7 18. Rfd1 Rd7 19.
Nb5 Rad8 20. Qd2 d5 21. cxd5 Bxd5 22. Qb4 Qg5 23. Kf2 a5 24. Qc3 Qe7 25. e4 $14
{1/2 Karpov,A (2670)-Leko,P (2755)/Moscow 2007/EXT 2008 (59)}) (14... Ne5 $5
15. Be2 Ng6 16. O-O h6 17. Bxf6 Qxf6 {1/2 Roussel Roozmon,T (2489)-Polak,T 
(2553)/Brno 2008/CBM 125 Extra}) 15. Bh4 Ne5 16. Be2 Ng6 17. Bf2 e5 $146 (17...
d5 {-Eljanov-Naiditsch}) 18. Rd1 d5 19. cxd5 Nxd5 20. Nxd5 Bxd5 21. O-O Qe6 22.
Qa4 Bb3 23. Rxd8+ Rxd8 24. Qxa7 Rd2 25. Qa6 Rxb2 26. Rc1 e4 $1 $11 {0-1
Zakhartsov,V (2537)-Kravtsiv,M (2549)/Lviv UKR 2008/The Week in Chess 730 (47)}
) 13. d5 $1 {That's why 12...Rac8 is inaccurate.} h6 14. Bh4 exd5 (14... e5 15.
Bd3 Rfe8 16. f3 a6 17. a4 Nf8 18. g4 g5 19. Bg3 Kg7 20. h4 Ng6 21. hxg5 hxg5
22. Bf5 Rb8 23. Rd2 Rh8 24. Rdh2 Rxh2 25. Qxh2 Rh8 26. Qg2 $14 {1-0 Turova,I 
(2385)-Porat,I (2328)/Budapest 2005/CBM 109 ext (39)}) 15. cxd5 (15. Nxd5 $143
Bxd5 16. cxd5 c4 17. Be2 b5 18. O-O Qe4 19. Qxe4 Nxe4 20. f3 Nec5 21. e4 Rfe8
22. g4 Ne5 $13 {1-0 Gladyszev,O (2485)-Berend,F (2343)/Nancy 2008/CBM 122
Extra (64)}) 15... a6 16. a4 c4 $146 {This novelty (an attempt to "justify" 12.
..Rac8) doesn't change the evaluation of the position.} (16... Ne5 17. Be2 Ng6
18. Bg3 Rfe8 19. O-O Rb8 20. Rfe1 Bc8 21. e4 Qc7 22. b3 Nf8 23. f4 $36 Bg4 24.
Bxg4 Nxg4 25. e5 $16 {1-0 Bu Xiangzhi (2671)-Ghaem Maghami,E (2581)/Doha 2006/
CBM 115 ext (45)}) 17. Rd4 Ne5 18. Qd1 (18. Be2 $142 $14) 18... Rc5 (18... b5
$5 19. axb5 axb5 20. Nxb5 Ba6 21. Nc3 Rb8 $44) 19. Be2 g5 20. Bg3 b5 21. axb5
axb5 22. O-O b4 23. Na4 Ra5 (23... Rxd5 $142 24. Nb6 Rxd4 25. exd4 Ng6 26. Nxc4
Ne4 27. Re1 $14) 24. Nb6 c3 (24... Qc7 25. Nxc4 Rxd5 26. f3 $16) 25. Bxe5 dxe5
26. d6 Qe8 (26... Qd8 27. Rxb4 $16) 27. d7 Qd8 28. Rxb4 cxb2 29. Rxb2 $16 {
[%csl Gd7] White has gained a pawn but surprisingly, it is still difficult for
him to win this position.} Qc7 30. Qb3 Be4 31. Rd1 Rd8 32. Bc4 $6 {Not the
best square for the bishop.} (32. Qb4 Rc5 33. f3 Bf5 34. Rbd2 $16) 32... Bg6
33. Rbd2 Kg7 34. h3 Rc5 35. Qb4 Ne4 36. Rb2 Rc6 37. Nd5 $6 Qd6 $2 {Missing a
miraculous rescue;} (37... Qxd7 $1 38. Bb5 Rb8 $1 39. Qa4 (39. Qa3 Qd6 40. Bxc6
Qxa3 41. Rxb8 Qa2 42. Rf1 Nd2 43. Re1 Ne4 $11) (39. f3 Nf6 40. Qd2 Qb7 $1)
39... Qb7 {-White can't win material!}) 38. Bb5 Rxd7 $2 (38... Qxb4 $142 39.
Nxb4 Rc7 (39... Rd6 $2 40. Rxd6 Nxd6 41. Rd2 $1 Nxb5 42. Nc6 $18) 40. Nd5 (40.
Bc6 $5 Nc5 41. Rd6 $16) 40... Rb7 41. Rb4 Bf5 42. Bc6 Rxb4 43. Nxb4 Nc5 (43...
Nf6 44. Na6 $1 Bxd7 45. Rd6 $18) 44. f4 $1 $16) 39. Bxc6 Qxc6 40. Qb5 $18 {
White converts his extra exchange without major problems.} Qxb5 41. Rxb5 h5 42.
f3 Ng3 43. e4 Ne2+ 44. Kf2 Nf4 45. Ne3 Rxd1 46. Nxd1 g4 47. hxg4 hxg4 48. Ne3
gxf3 49. gxf3 f6 50. Nd5 Nh5 51. Ke3 Bf7 52. Rb1 Be6 53. Kd3 f5 54. Rb7+ Kf8
55. Ke3 Ng3 56. Nf6 fxe4 57. fxe4 Nf1+ 58. Ke2 Bc4+ 59. Ke1 Ne3 60. Kd2 Nf1+
61. Ke1 Ne3 62. Nd7+ Ke8 63. Nxe5 Ba6 64. Ra7 Bc8 65. Kf2 Nd1+ 66. Kf3 Be6 67.
Nc6 Kf8 68. Nd4 Bf7 69. Nf5 Bb3 70. Kf4 Nf2 71. Nd4 Bf7 72. e5 Nd3+ 73. Kf5 Nb4
74. Ne6+ Ke8 75. Nc7+ Kd8 76. Na6 1-0